Herzog / Saul Bellow

Novela psicológica que gira en torno a un profesor de origen judío llamado Moses Herzog, que siente que ha fracasado a lo largo de su vida, especialmente en la familiar, pues se ha divorciado dos veces, lo que origina que el sentimiento de repudio y culpa se apoderen de su mente, para poder desahoga...

全面介紹

Guardado en:
書目詳細資料
主要作者: Bellow, Saul
格式: 圖書
語言:Undetermined
出版: Yugoslavia Mladinska Knjiga 1969
主題:
標簽: 添加標簽
沒有標簽, 成為第一個標記此記錄!

MARC

LEADER 00000nam a2200000Ia 4500
008 170316s9999 xx 000 0 und d
040 |a cru BVZT 
090 |a 810 B-8h 
100 |a Bellow, Saul 
245 |a Herzog / Saul Bellow 
260 |a Yugoslavia  |b Mladinska Knjiga  |c 1969 
300 |a 341 páginas 
520 |a Novela psicológica que gira en torno a un profesor de origen judío llamado Moses Herzog, que siente que ha fracasado a lo largo de su vida, especialmente en la familiar, pues se ha divorciado dos veces, lo que origina que el sentimiento de repudio y culpa se apoderen de su mente, para poder desahogarse comienza a escribir cartas que nunca serán enviadas a todas aquellas personas que han estado involucradas en su mediocre vida. Herzog, escrita en 1964 por Saul Bellow, se puede considerar una de sus obras más prodigiosas debido a los elementos autobiográficos que introdujo en el escrito. 
650 |a LITERATURA ESTADOUNIDENSE  |9 25 
999 |c 5470  |d 5470 
942 |c 15 D  |h 810 B-8h  |2 z